000 00424nam a2200157Ia 4500
008 230917s9999||||xx |||||||||||||| ||und||
040 _e78158
_aMAIN
041 _aEnglish
082 _a346.022 K146I
100 _aKarmali, A E
245 0 _aInternational contracts: the law and practice of International contracts
250 _a(2) ed.
260 _aBombay
_bN M Tripathi
_c1977
300 _axx, 449` p.
942 _cBK
999 _c202666
_d202666